01045nam a22002417a 450000500170000001000130001702000100003003500130004003700160005304000120006908200270008110000380010824501280014624600610027426001040033527001260043930000520056550000580061765000490067565000370072465000230076165000190078420170124103133.0 aA-809563 c95.00 aA-809563 bCen Lib/Ret aDPLbHN a394.2bजोशीओ aजोशी, ओमदत्त  aमहापुरुषों की जयन्तियाँ एवं पर्व /cओमदत्त जोशी aMahapurushon ki jayantiyan ewam parv /bby Omdutt Joshi  aजोधपुर bराजस्थानी साहित्य संस्थान c1995 aयू.आई.टी.के पास, भगवती पौधशाला के सामने bजोधपुर  a153पृ. c20सेमी(सजिल्द) a अनुक्रमाणिका शामिल aजयंती -- तुलसीदास  aगांधी जयंती  aJubilee - Tulsidas aGandhi Jayanti